[Event "Druzynowe Mistrzostwa Polski Juniorow 2019 - II Liga"]
[Site "Szczyrk"]
[Date "1899-12-30"]
[Round "1.52"]
[White "Duda, Leon"]
[Black "Zaborski, Igor"]
[Result "1/2-1/2"]
[WhiteTitle "II"]
[BlackTitle "II"]
[WhiteElo "1272"]
[BlackElo "1372"]

1. e4 d6 2. d4 Nf6 3. Nc3 g6 4. h3 Bg7 5. Nf3 O-O 6. Bc4 Nxe4 7. Nxe4 d5 8. Bd3
dxe4 9. Bxe4 Nd7 10. O-O c5 11. Be3 Nf6 12. Bd3 Nd5 13. c3 cxd4 14. Bxd4 Bxd4
15. Nxd4 Qb6 16. Qd2 Rd8 17. Rad1 Qc5 18. Rfe1 e6 19. Be4 Nf6 20. Qe3 Qb6 21.
Rb1 Rb8 22. Nf3 Qxe3 23. Rxe3 b6 24. Rd3 Ba6 25. Rxd8+ Rxd8 26. Re1 Kg7 27. Bc2
Bb7 28. Rd1 Rxd1+ 29. Bxd1 Bd5 30. a3 Ne4 31. Nd4 Nd6 32. Be2 Bc4 33. Bxc4 Nxc4
34. Nb5 Nxb2 35. Nxa7 Nc4 36. Nb5 Kf6 37. Kf1 Ke5 38. Ke2 Kd5 39. Kf3 Kc5 40.
a4 Nb2 41. Kf4 Nxa4 42. Na3 f6 43. Nb1 Kc4 44. Nd2+ Kd3 45. Ne4 e5+ 46. Kf3 f5
47. Ng5 Nxc3 48. Nxh7 b5 49. Nf8 g5 50. Ne6 Ne4 51. g4 fxg4+ 52. Kxg4 Nxf2+ 53.
Kxg5 b4 54. Nc5+ Kd4 55. Nb3+ Kd5 56. h4 Ke6 57. h5 Kf7 58. Kf5 e4 59. Kf4 Kf6
60. Ke3 Ng4+ 1/2-1/2

[Event "Druzynowe Mistrzostwa Polski Juniorow 2019 - II Liga"]
[Site "Szczyrk"]
[Date "1899-12-30"]
[Round "1.53"]
[White "Lajdamik, Anna"]
[Black "Pisarek, Elzbieta"]
[Result "1-0"]
[WhiteTitle "I"]
[BlackTitle "I"]
[WhiteElo "1324"]
[BlackElo "1605"]

1. e4 c5 2. d4 cxd4 3. c3 e5 4. Nf3 Nc6 5. cxd4 exd4 6. Nxd4 Nf6 7. Nc3 Bb4 8.
Bg5 Qe7 9. f3 Qe5 10. Nxc6 Bxc3+ 11. bxc3 Qxg5 12. Nd4 O-O 13. Qd2 Qxd2+ 14. Kxd2
b6 15. Bb5 a6 16. Ba4 b5 17. Bb3 Bb7 18. a4 bxa4 19. Bxa4 Rfd8 20. Rhb1 Bc6 21.
Ke3 Bxa4 22. Rxa4 d5 23. e5 Ne8 24. Rb6 Nc7 25. Rb7 Rdc8 26. Nc6 Kf8 27. Na7 Rxa7
28. Rxa7 Nb5 29. R7xa6 Rxc3+ 30. Kd2 Rc8 31. Ra8 Rxa8 32. Rxa8+ Ke7 33. Ra5 Nc7
34. Rc5 Kd7 35. Kd3 h6 36. f4 f6 37. g3 h5 38. Kd4 Ne6+ 39. Kxd5 Nxc5 40. Kxc5
Ke6 41. Kd4 g6 42. Ke4 g5 43. h4 gxh4 44. gxh4 f5+ 45. Kd4 Ke7 46. Kd5 Kf7 47.
Kd6 Kf8 48. Kd7 1-0

[Event "Druzynowe Mistrzostwa Polski Juniorow 2019 - II Liga"]
[Site "Szczyrk"]
[Date "1899-12-30"]
[Round "1.54"]
[White "Bialek, Alicja"]
[Black "Jaros, Emilia"]
[Result "1-0"]
[WhiteTitle "I"]
[BlackTitle "I"]
[WhiteElo "1367"]
[BlackElo "1112"]

1. e4 e5 2. Nf3 Nc6 3. Nc3 Nf6 4. Bb5 d6 5. d4 exd4 6. Nxd4 Bd7 7. Bxc6 Bxc6 8.
Nxc6 bxc6 9. O-O Be7 10. Bf4 O-O 11. e5 Nd7 12. exd6 cxd6 13. Bxd6 Bxd6 14. Qxd6
Qc8 15. Rad1 Nb6 16. Qg3 Nd5 17. Ne2 Qa6 18. Nd4 Ne7 19. Rfe1 Ng6 20. a3 Rfe8
21. Qc3 Ne5 22. Nf5 f6 23. Nd6 Reb8 24. Nf5 Qc4 25. Qg3 Qg4 26. Qxg4 Nxg4 27.
b3 c5 28. Rd7 g6 29. Ng3 Ne5 30. Rd6 Rb6 31. Red1 Re8 32. h3 f5 33. f4 Nf7 34.
Rd7 a6 35. Rc7 Re3 36. Kf2 Rc3 37. Rd2 Rd6 38. Re2 Rd4 39. Nf1 Rxf4+ 40. Kg1 c4
41. Re8+ Kg7 42. Ree7 Rxc2 43. Rxf7+ Kh6 44. Rxh7+ Kg5 45. h4+ Kf6 46. Rc6+ Ke5
47. Re7+ Kd4 48. Rxc4+ Rxc4 49. bxc4 Kxc4 50. g3 Rd4 51. Re6 f4 52. Rxg6 fxg3
53. h5 Rh4 54. Nxg3 a5 55. Rb6 Kc5 56. Rb1 a4 57. Kg2 Rd4 58. h6 Rd2+ 59. Kh3
Rd8 60. h7 Kc6 61. Rb4 Rh8 62. Rh4 Kd5 63. Kg4 Ke6 64. Kg5 Kf7 65. Rxa4 Rxh7 66.
Ra7+ Kg8 67. Rxh7 Kxh7 68. a4 Kg7 69. a5 Kf7 70. a6 Ke6 71. a7 Ke5 72. a8=Q Kd4
73. Qe4+ Kc5 74. Kf5 Kd6 75. Qe5+ Kc6 76. Ke6 Kb6 77. Qc3 Kb5 78. Kd5 Kb6 79.
Qc5+ Kb7 80. Qc6+ Kb8 81. Kd6 Ka7 82. Qb5 Ka8 83. Kc7 Ka7 84. Qb7# 1-0

[Event "Druzynowe Mistrzostwa Polski Juniorow 2019 - II Liga"]
[Site "Szczyrk"]
[Date "1899-12-30"]
[Round "1.55"]
[White "Hrymowicz, Artur"]
[Black "Marczak, Szymon"]
[Result "1-0"]
[WhiteTitle "I++"]
[BlackTitle "I++"]
[WhiteElo "2052"]
[BlackElo "1857"]

1. e4 c5 2. Nf3 Qc7 3. c4 Nc6 4. Nc3 e6 5. Be2 a6 6. O-O g6 7. d4 cxd4 8. Nxd4
Bg7 9. Be3 Nge7 10. Rc1 O-O 11. Qd2 f5 12. exf5 Nxd4 13. Bxd4 Bxd4 14. Qxd4 Nxf5
15. Qd3 b6 16. Bf3 Bb7 17. Bxb7 Qxb7 18. Ne4 Rac8 19. Rcd1 Rc7 20. b3 b5 21. c5
Rf7 22. b4 Qc6 23. f3 Ne7 24. Nc3 Rf5 25. Qd6 Rf7 26. a3 Qxd6 27. Rxd6 Nc6 28.
Rfd1 Kf8 29. Re1 Rb7 30. Kf2 a5 31. bxa5 Nxa5 32. Rb6 Rf5 33. Ne4 Rxb6 34. cxb6
Ke7 35. Rb1 Nc6 36. Nc3 Kd6 37. Nxb5+ Kc5 38. Nc7 Rf8 39. Na6+ Kd6 40. b7 Nb8
41. Rb6+ Ke7 42. a4 d6 43. Nxb8 Rxb8 44. a5 1-0

[Event "Druzynowe Mistrzostwa Polski Juniorow 2019 - II Liga"]
[Site "Szczyrk"]
[Date "1899-12-30"]
[Round "1.57"]
[White "Taranowicz, Michal"]
[Black "Wieczorek, Karol"]
[Result "1-0"]
[WhiteTitle "I"]
[BlackTitle "II+"]
[WhiteElo "1630"]
[BlackElo "1502"]

1. e4 c6 2. Nc3 d5 3. Nf3 Bg4 4. h3 Bh5 5. exd5 cxd5 6. Bb5+ Nc6 7. g4 Bg6 8. Ne5
Qd6 9. d4 a6 10. Bxc6+ bxc6 11. Bf4 Qe6 12. Na4 Nf6 13. Qe2 Ra7 14. O-O-O Nd7
15. Rde1 Nxe5 16. Bxe5 f6 17. Nc5 Qc8 18. Bg3 e5 19. Nd3 e4 20. Nf4 Qb7 21. Nxg6
hxg6 22. f3 f5 23. gxf5 gxf5 24. fxe4 fxe4 25. Qg4 Qd7 26. Qg6+ Kd8 27. c4 Rh6
28. Qg5+ Qe7 29. Bf4 Qxg5 30. Bxg5+ Be7 31. Bxh6 gxh6 32. Rhg1 Bg5+ 33. Kc2 Re7
34. Re2 Kd7 35. Kb3 Rf7 36. Kb4 Kc7 37. Rg4 Bc1 38. cxd5 e3 39. dxc6 Kxc6 40.
Rc2+ 1-0

[Event "Druzynowe Mistrzostwa Polski Juniorow 2019 - II Liga"]
[Site "Szczyrk"]
[Date "1899-12-30"]
[Round "1.58"]
[White "Grzybek, Mikolaj"]
[Black "Kitewski, Bartosz"]
[Result "1-0"]
[WhiteTitle "II"]
[BlackTitle "II"]
[WhiteElo "1305"]
[BlackElo "1447"]

1. e4 e6 2. d4 d5 3. exd5 exd5 4. c4 Nf6 5. h3 Nc6 6. Nf3 Be7 7. Be3 O-O 8. Be2
dxc4 9. Bxc4 Nd5 10. Bxd5 Qxd5 11. O-O Be6 12. Nc3 Qh5 13. Nh2 Qg6 14. Qf3 Rad8
15. Rad1 Nb4 16. a3 Nd5 17. Nxd5 Rxd5 18. Rd2 Bg5 19. Rc1 c6 20. Nf1 Rfd8 21.
Bxg5 Rxg5 22. Ng3 Bd5 23. Qe3 f5 24. Re1 Rf8 25. Qf4 Be4 26. Kh2 Re8 27. f3 Rf8
28. fxe4 fxe4 29. Qh4 Re8 30. Rxe4 Rf8 31. Rde2 h6 32. Re5 Qd3 33. Rxg5 hxg5 34.
Qe4 Qd1 35. Qe6+ Kh8 36. Re4 Qd2 37. Nf5 Qa5 38. Ne7 Kh7 39. Qg6+ Kh8 40. Qe6
Qc7+ 41. Re5 1-0

[Event "Druzynowe Mistrzostwa Polski Juniorow 2019 - II Liga"]
[Site "Szczyrk"]
[Date "1899-12-30"]
[Round "1.59"]
[White "Bohdanowicz, Nikola"]
[Black "Zamarska, Sylwia"]
[Result "0-1"]
[WhiteTitle "I"]
[BlackTitle "I++"]
[WhiteElo "1266"]
[BlackElo "1628"]

1. d4 f5 2. g3 Nf6 3. Bg2 e6 4. Nh3 Be7 5. c4 O-O 6. Nc3 Bb4 7. O-O d6 8. Qc2 Nbd7
9. Nf4 Re8 10. a3 Bxc3 11. Qxc3 Ne4 12. Qc2 Ndf6 13. f3 Ng5 14. b3 b6 15. Bb2
Bb7 16. Rad1 Qe7 17. Rfe1 Rad8 18. d5 Bc8 19. h4 Nf7 20. dxe6 Bxe6 21. Nxe6 Qxe6
22. Bc3 Qe3+ 23. Kf1 Nh5 24. Bh3 Nxg3+ 25. Kg2 Nxe2 26. Bxf5 Qxc3 27. Rxe2 Qxc2
28. Rxc2 Re3 29. Rd3 Rde8 30. Kf2 Re1 31. Be4 Rh1 32. Kg3 g6 33. Rdd2 Re5 34.
Re2 Rh5 35. Rh2 Rxh2 36. Rxh2 Nh6 37. Bd5+ Kg7 38. Be6 Re5 39. Bd7 Re3 40. Ba4
Nf5+ 41. Kg4 Nd4 42. Kf4 Re7 43. Rf2 a6 44. b4 Kf6 45. Rd2 Ne2+ 46. Kg4 h5+ 47.
Kh3 Re3 48. Bc6 Nf4+ 49. Kg3 Ne6 50. Ra2 Nd4 51. Bb7 Nf5+ 52. Kf4 Re1 53. Bxa6
Rh1 54. Ke4 Rxh4+ 55. Kd5 Ne7# 0-1

[Event "Druzynowe Mistrzostwa Polski Juniorow 2019 - II Liga"]
[Site "Szczyrk"]
[Date "1899-12-30"]
[Round "1.60"]
[White "Wasowicz, Anna"]
[Black "Filipiak, Magdalena"]
[Result "0-1"]
[WhiteTitle "II"]
[BlackTitle "I"]
[WhiteElo "1000"]
[BlackElo "1168"]

1. e4 e5 2. Nf3 Nc6 3. d4 exd4 4. Nxd4 Bc5 5. Be3 Qf6 6. c3 Nge7 7. Bc4 d6 8. O-O
O-O 9. Nxc6 Nxc6 10. Bxc5 dxc5 11. Nd2 Qg6 12. Kh1 Ne5 13. Bb3 Rd8 14. Qe2 Be6
15. Bc2 b5 16. Qe3 Qh5 17. Bd1 Qh4 18. Nf3 Nxf3 19. Bxf3 Qe7 20. a3 Rd7 21. Rfd1
Rad8 22. Rxd7 Rxd7 23. Be2 a6 24. b4 c4 25. a4 Qd8 26. axb5 axb5 27. Qf3 Qg5 28.
Ra8+ Rd8 29. Rxd8+ Qxd8 30. Qh5 Qd2 31. h3 Qc1+ 32. Bd1 Qxc3 33. Qxb5 h6 34. Bf3
c6 35. Qxc6 Qxb4 36. e5 Qb2 37. Be4 g6 38. Qe8+ Kg7 39. Qe7 Qc1+ 40. Kh2 Qf4+
41. g3 Qxe4 42. Qf6+ Kh7 43. Qd8 Bd5 44. Qc7 Qg2# 0-1

[Event "Druzynowe Mistrzostwa Polski Juniorow 2019 - II Liga"]
[Site "Szczyrk"]
[Date "1899-12-30"]
[Round "1.61"]
[White "Kijkowski, Michal"]
[Black "Twardowski, Hubert"]
[Result "0-1"]
[WhiteTitle "I"]
[BlackTitle "I"]
[WhiteElo "1789"]
[BlackElo "1830"]

1. d4 Nf6 2. c4 g6 3. Nc3 d5 4. cxd5 Nxd5 5. e4 Nxc3 6. bxc3 Bg7 7. Nf3 O-O 8.
Be2 c5 9. O-O Nc6 10. Be3 Qa5 11. d5 Ne5 12. Nxe5 Bxe5 13. c4 f5 14. Rb1 fxe4
15. Rb5 Qa6 16. Bxc5 Qf6 17. Be3 b6 18. c5 Ba6 19. Rb4 Bxe2 20. Qxe2 bxc5 21.
Rxe4 Bd6 22. Qg4 Qf5 23. Rd1 Rab8 24. g3 Rb4 25. Qxf5 gxf5 26. Rxb4 cxb4 27. Bxa7
Ra8 28. Be3 Rxa2 29. Rb1 Kf7 30. Bf4 Bc5 31. Be3 Bxe3 32. fxe3 Ra4 33. Rb3 Kf6
34. Rd3 Ra3 35. Rd4 b3 36. Rb4 Ke5 37. Kf2 Kxd5 38. Kf3 Kc5 39. Rb7 Kc4 40. Rc7+
Kd3 41. Rd7+ Kc2 42. Rc7+ Kb1 43. Rxe7 b2 44. Rb7 Ka2 45. Kf4 Ra5 46. h4 b1=Q
47. Rxb1 Kxb1 48. e4 fxe4 49. Kxe4 Kc2 50. Kf4 Kd3 51. g4 Kd4 52. g5 Ra1 53. h5
Rf1+ 54. Kg4 Ke5 0-1

[Event "Druzynowe Mistrzostwa Polski Juniorow 2019 - II Liga"]
[Site "Szczyrk"]
[Date "1899-12-30"]
[Round "1.62"]
[White "Sulima, Franciszek"]
[Black "Budny, Piotr"]
[Result "0-1"]
[WhiteTitle "II"]
[BlackTitle "II"]
[WhiteElo "1357"]
[BlackElo "1426"]

1. e4 e6 2. d4 d5 3. e5 c5 4. c3 Nc6 5. Nf3 Qb6 6. Be2 Nge7 7. b3 cxd4 8. cxd4
Nf5 9. Bb2 Bb4+ 10. Kf1 Bd7 11. g4 Nh6 12. h3 Rc8 13. a3 Be7 14. b4 O-O 15. Nc3
Na5 16. Na4 Bxa4 17. Qxa4 Nc4 18. Bc1 f6 19. exf6 Bxf6 20. Qd1 Be7 21. Bxh6 gxh6
22. Rc1 Nxa3 23. g5 hxg5 24. Rg1 Kh8 25. Nxg5 Bxg5 26. Rxg5 Rxc1 27. Qxc1 Qxd4
28. f3 Nc4 29. Kg2 Ne3+ 30. Kh2 Qf4+ 0-1

[Event "Druzynowe Mistrzostwa Polski Juniorow 2019 - II Liga"]
[Site "Szczyrk"]
[Date "1899-12-30"]
[Round "1.63"]
[White "Nawalaniec, Adam"]
[Black "Trzebinski, Patryk"]
[Result "1-0"]
[WhiteTitle "II"]
[BlackTitle "I"]
[WhiteElo "1318"]
[BlackElo "1679"]

1. e4 d5 2. exd5 Nf6 3. Bc4 Nxd5 4. d4 Nc6 5. c3 Nb6 6. Bb3 e5 7. Qe2 Bd6 8. f4
f6 9. fxe5 fxe5 10. Nf3 Bg4 11. Qe4 Bxf3 12. gxf3 Qe7 13. d5 Nb8 14. Rg1 N8d7
15. Bg5 Qf7 16. c4 h6 17. Be3 Nf6 18. Qf5 Nbd7 19. c5 Nxc5 20. Bxc5 Bxc5 21. d6
Qd7 22. Qxe5+ Kf8 23. Qxc5 Re8+ 24. Kf2 cxd6 25. Qc4 d5 26. Qc5+ Kf7 27. Nc3 Re5
28. Rae1 Rh5 29. Rxg7+ Kxg7 30. Re7+ Kg6 31. Bc2+ Ne4+ 32. Bxe4+ dxe4 33. Qxh5+
Kxh5 34. Rxd7 exf3 35. Rxb7 Rf8 36. Rg7 a5 37. Ne4 a4 38. Kg3 a3 39. Kh3 f2 40.
Ng3# 1-0

[Event "Druzynowe Mistrzostwa Polski Juniorow 2019 - II Liga"]
[Site "Szczyrk"]
[Date "1899-12-30"]
[Round "1.64"]
[White "Malinowski, Szymon"]
[Black "Klim, Juliusz"]
[Result "0-1"]
[WhiteTitle "I"]
[BlackTitle "II"]
[WhiteElo "1657"]
[BlackElo "1220"]

1. d4 d5 2. Nf3 Nf6 3. Bf4 c6 4. e3 Bf5 5. Bd3 Bxd3 6. Qxd3 e6 7. Nbd2 Bd6 8. Bg3
O-O 9. e4 dxe4 10. Nxe4 Nxe4 11. Qxe4 Bxg3 12. hxg3 h6 13. g4 Qd5 14. Qd3 f5 15.
gxf5 exf5 16. Kd2 Nd7 17. Qb3 Qxb3 18. axb3 Nf6 19. Ne5 Rad8 20. Rxa7 Rxd4+ 21.
Nd3 Ne4+ 22. Ke3 Rd7 23. f3 Nd6 24. Kf4 Nb5 25. Ra4 Nd4 26. Nc5 Rd5 27. Nxb7 Ne2+
28. Ke3 Re8+ 29. Kf2 Rd2 30. Rc4 f4 31. Ke1 Rd7 32. Nc5 Ng3+ 33. Kf2 Re2+ 34.
Kg1 Rd1+ 35. Kh2 Rxh1# 0-1

[Event "Druzynowe Mistrzostwa Polski Juniorow 2019 - II Liga"]
[Site "Szczyrk"]
[Date "1899-12-30"]
[Round "1.65"]
[White "Michalska, Aleksandra"]
[Black "Filipska, Maja"]
[Result "1-0"]
[WhiteTitle "I++"]
[BlackTitle "I++"]
[WhiteElo "1741"]
[BlackElo "1602"]

1. e4 d5 2. exd5 Nf6 3. Bb5+ Bd7 4. Bc4 c6 5. dxc6 Nxc6 6. Nf3 Qc7 7. d3 Bg4 8.
h3 Bh5 9. g4 Bg6 10. Nc3 O-O-O 11. Be3 e5 12. Nh4 Bb4 13. O-O Bxc3 14. bxc3 Ne4
15. Qe1 Nd6 16. Bb3 Rde8 17. Rb1 f5 18. f3 f4 19. Bf2 Bf7 20. c4 g5 21. c5 Bxb3
22. cxd6 Qd7 23. axb3 gxh4 24. Bxh4 Qxd6 25. Bf2 Qg6 26. Qe4 Qg7 27. Kg2 h6 28.
b4 Rd8 29. b5 Nd4 30. c3 Ne6 31. Bxa7 Nc7 32. Qc4 Kd7 33. Rfe1 Rhe8 34. b6 Na6
35. Rb5 Re7 36. Rd5+ Ke8 37. Qb5+ Rdd7 38. Rxd7 Rxd7 39. Qxe5+ Qxe5 40. Rxe5+
1-0

[Event "Druzynowe Mistrzostwa Polski Juniorow 2019 - II Liga"]
[Site "Szczyrk"]
[Date "1899-12-30"]
[Round "1.66"]
[White "Skolska, Emilia"]
[Black "Dzierzgowska, Jagoda"]
[Result "1-0"]
[WhiteTitle "I"]
[BlackTitle "II+"]
[WhiteElo "1359"]
[BlackElo "1000"]

1. e4 e6 2. d4 d5 3. exd5 exd5 4. Bd3 Bd6 5. Qf3 Be6 6. Ne2 Qf6 7. Bf4 Bxf4 8.
Qxf4 Qxf4 9. Nxf4 Nc6 10. c3 Nf6 11. Nd2 O-O 12. Nb3 Rfe8 13. Kd2 Bg4 14. f3 Bh5
15. Rae1 Bg6 16. Nxg6 hxg6 17. Bc2 Nh5 18. Nc5 Nf4 19. g3 Ng2 20. Re2 Ne3 21.
Rxe3 b6 22. Nd3 Red8 23. Ne5 Na5 24. b4 Nc4+ 25. Nxc4 dxc4 26. Ke2 a5 27. b5 a4
28. Be4 Rab8 29. Bc6 f5 30. Re7 Kh8 31. Rxc7 Rbc8 32. Rxc8 Rxc8 33. d5 Rd8 34.
Rd1 Kg8 35. d6 Kf8 36. d7 Ke7 37. Rd5 Ke6 38. f4 a3 39. Re5+ Kd6 40. Re8 Kc7 41.
Ke3 g5 42. fxg5 g6 43. Kf4 Rxd7 44. Bxd7 Kxd7 45. Rg8 Kd6 46. Rxg6+ Kc5 47. Rf6
Kxb5 48. g6 Kc5 49. g7 Kb5 50. g8=Q Kc5 51. Qc8+ Kb5 52. Qc6+ Ka5 53. Qxb6+ Ka4
54. Qb4# 1-0

[Event "Druzynowe Mistrzostwa Polski Juniorow 2019 - II Liga"]
[Site "Szczyrk"]
[Date "1899-12-30"]
[Round "1.67"]
[White "Burdzicki, Jan"]
[Black "Derylo, Kamil"]
[Result "0-1"]
[WhiteTitle "II+"]
[BlackTitle "I+"]
[WhiteElo "1717"]
[BlackElo "2030"]

1. e4 c6 2. d4 d5 3. e5 c5 4. dxc5 e6 5. Bd3 Bxc5 6. Qg4 Ne7 7. b4 Bb6 8. Nf3 Nbc6
9. O-O Ng6 10. Bb2 Qc7 11. a3 O-O 12. Qh5 d4 13. Re1 Qe7 14. b5 Nb8 15. Nbd2 Nd7
16. Nb3 Nc5 17. Nxc5 Bxc5 18. Nxd4 Rd8 19. Nb3 Bb6 20. a4 Bd7 21. Ba3 Qe8 22.
Be4 Rac8 23. Bd6 Rc4 24. g3 a6 25. Nd2 Rcc8 26. bxa6 bxa6 27. a5 Bd4 28. Ra2 Bc6
29. Bxc6 Qxc6 30. Qf3 Qd7 31. c4 Rc6 32. Nb3 Rxc4 33. Qe2 Qc6 34. Rd1 Ba7 35.
Rad2 h6 36. h4 Nxh4 37. gxh4 Rxh4 38. Rd5 exd5 39. Be7 Qg6+ 0-1

[Event "Druzynowe Mistrzostwa Polski Juniorow 2019 - II Liga"]
[Site "Szczyrk"]
[Date "1899-12-30"]
[Round "1.68"]
[White "Derylo, Adam"]
[Black "Burdzicki, Stanislaw"]
[Result "0-1"]
[WhiteTitle "I"]
[BlackTitle "I"]
[WhiteElo "1460"]
[BlackElo "1660"]

1. e4 c5 2. Nf3 e6 3. d4 cxd4 4. Nxd4 Nc6 5. Nc3 Qc7 6. Ndb5 Qb8 7. g3 a6 8. Nd4
Qc7 9. Bg2 d6 10. O-O Bd7 11. Be3 Be7 12. Qd2 Nf6 13. Rfd1 Ne5 14. b3 Neg4 15.
Rac1 O-O 16. Nb1 Nxe3 17. Qxe3 Ng4 18. Qe2 Ne5 19. c4 Bf6 20. Nc3 Rfd8 21. h4
Qb6 22. Qd2 Rac8 23. Nce2 Ng4 24. Nc3 Ne5 25. Nf3 Nxf3+ 26. Bxf3 Be5 27. Ne2 a5
28. Bg2 a4 29. b4 a3 30. Nd4 Ba4 31. Nc2 Bb2 32. Rb1 Rxc4 33. Rxb2 axb2 0-1

[Event "Druzynowe Mistrzostwa Polski Juniorow 2019 - II Liga"]
[Site "Szczyrk"]
[Date "1899-12-30"]
[Round "1.69"]
[White "Kaliszuk, Kamil"]
[Black "Derylo, Maksymilian"]
[Result "1-0"]
[WhiteTitle "I"]
[BlackTitle "II"]
[WhiteElo "1834"]
[BlackElo "1357"]

1. e4 c5 2. Nf3 d6 3. d4 cxd4 4. Nxd4 Nf6 5. Nc3 a6 6. Be3 g6 7. f3 Bg7 8. Qd2
Nc6 9. O-O-O Qc7 10. h4 Nxd4 11. Bxd4 Be6 12. h5 Nxh5 13. Rxh5 gxh5 14. Bxg7 Rg8
15. Bd4 b5 16. f4 b4 17. Nd5 Bxd5 18. exd5 a5 19. Re1 Rc8 20. Bf6 Kd8 21. Rxe7
1-0

[Event "Druzynowe Mistrzostwa Polski Juniorow 2019 - II Liga"]
[Site "Szczyrk"]
[Date "1899-12-30"]
[Round "1.70"]
[White "Zhydachevskyy, Yulian"]
[Black "Binek, Dawid"]
[Result "0-1"]
[WhiteTitle "II"]
[BlackTitle "II"]
[WhiteElo "1292"]
[BlackElo "1322"]

1. e4 e5 2. Nf3 Nc6 3. d4 exd4 4. Nxd4 Bc5 5. Nb3 Bb6 6. Bd3 d6 7. O-O Qh4 8. Nc3
Nf6 9. Qf3 Ng4 10. Qg3 Qxg3 11. hxg3 h5 12. Nd5 h4 13. Nxb6 axb6 14. f3 Nge5 15.
gxh4 Rxh4 16. Bg5 Rh5 17. Bf4 Nxd3 18. cxd3 Nb4 19. Rfd1 Rxa2 20. Rxa2 Nxa2 21.
Bd2 Rb5 22. Ra1 Rxb3 23. Rxa2 Rxd3 24. Bc3 g6 25. Ra1 Bd7 26. Ra7 Rd1+ 27. Kh2
Bc8 28. Bf6 d5 29. Ra4 c5 30. exd5 Rxd5 31. Re4+ Be6 32. Ra4 Kd7 33. Kg3 b5 34.
Ra7 Kc6 35. Ra3 b4 36. Re3 b5 37. Re4 c4 38. Re3 b3 39. Be7 Rd2 40. Bf6 b4 41.
Re1 Rc2 42. Re3 c3 0-1

[Event "Druzynowe Mistrzostwa Polski Juniorow 2019 - II Liga"]
[Site "Szczyrk"]
[Date "1899-12-30"]
[Round "1.71"]
[White "Orlik, Sandra"]
[Black "Laszczuk, Zuzanna"]
[Result "1-0"]
[WhiteTitle "I++"]
[BlackTitle "I"]
[WhiteElo "1805"]
[BlackElo "1323"]

1. e4 e5 2. Nf3 Nc6 3. Bc4 Bc5 4. c3 Nf6 5. d3 d6 6. O-O O-O 7. Re1 Bg4 8. Nbd2
Qd7 9. Bb3 Nh5 10. Nf1 Ne7 11. Be3 Bb6 12. h3 Bxh3 13. gxh3 Qxh3 14. N3h2 Ng6
15. Qf3 Qxf3 16. Nxf3 Kh8 17. Bxb6 axb6 18. Ne3 Nhf4 19. Rad1 Ne7 20. Ng5 h6 21.
Nf3 g5 22. Kh2 f5 23. exf5 Nxf5 24. Nxf5 Rxf5 25. Rd2 g4 26. Nh4 Rg5 27. d4 Rf8
28. dxe5 dxe5 29. Kg3 Nh5+ 30. Kh2 Rxf2+ 31. Rxf2 g3+ 32. Kg1 gxf2+ 33. Kxf2 Nf4
34. Rd1 Nh3+ 35. Ke3 Rg3+ 36. Ke2 Nf4+ 37. Kf2 Rh3 38. Rd8+ Kg7 39. Rd7+ Kf8 40.
Nf5 Nd3+ 41. Kg1 Rf3 42. Rd8# 1-0

[Event "Druzynowe Mistrzostwa Polski Juniorow 2019 - II Liga"]
[Site "Szczyrk"]
[Date "1899-12-30"]
[Round "1.72"]
[White "Majewska, Zuzanna"]
[Black "Bienek, Magdalena"]
[Result "0-1"]
[WhiteTitle "II"]
[BlackTitle "II"]
[WhiteElo "1000"]
[BlackElo "1104"]

1. d4 d5 2. Nf3 Nf6 3. Bg5 e6 4. e3 Bd6 5. c4 b6 6. Nc3 Bb7 7. cxd5 exd5 8. Bd3
O-O 9. Qc2 h6 10. Bh4 Nbd7 11. h3 c5 12. g4 cxd4 13. Nxd4 g5 14. Bg3 Bxg3 15.
fxg3 Re8 16. Qf2 Nc5 17. O-O-O Nxd3+ 18. Rxd3 Ba6 19. Rdd1 Qe7 20. Rde1 Ne4 21.
Nxe4 dxe4 22. Nf5 Rac8+ 23. Kb1 Bd3+ 24. Ka1 Qf6 25. Rc1 Rc6 26. h4 Rec8 27. Rxc6
Rxc6 28. Qe1 Rc2 29. Nd4 Rg2 30. h5 Qd6 31. Qc3 Qc5 32. Qxc5 bxc5 33. Nf5 Kh7
34. b3 c4 35. Rc1 cxb3 36. axb3 Rc2 37. Rxc2 Bxc2 38. Kb2 Bd1 39. Nd6 Bxg4 40.
Nxe4 Bxh5 41. b4 Be2 42. Kc3 Kg6 43. Nd6 h5 44. Kd4 f5 45. e4 fxe4 46. Nxe4 h4
47. gxh4 gxh4 48. Ke5 Bf1 49. Kf4 Bg2 50. Nf2 Kf6 51. Kg4 h3 52. Kg3 Ke5 53. Nxh3
Bxh3 54. Kxh3 Kd5 55. Kg2 Kc4 56. b5 Kxb5 57. Kf2 Kb4 58. Ke2 Kb3 59. Kd3 a5 60.
Kd2 Kb2 61. Kd3 a4 62. Kc4 a3 63. Kb4 a2 0-1

[Event "Druzynowe Mistrzostwa Polski Juniorow 2019 - II Liga"]
[Site "Szczyrk"]
[Date "1899-12-30"]
[Round "1.73"]
[White "Niemier, Hubert"]
[Black "Swiech, Lukasz"]
[Result "1/2-1/2"]
[WhiteTitle "I"]
[BlackTitle "II"]
[WhiteElo "1764"]
[BlackElo "1625"]

1. d4 d5 2. c4 e6 3. Nc3 Nf6 4. Bg5 Nbd7 5. e3 c6 6. Nf3 Qa5 7. Nd2 Bb4 8. Qc2
Ne4 9. Ndxe4 dxe4 10. Bf4 e5 11. Bg3 O-O 12. Be2 exd4 13. exd4 Nf6 14. O-O Bxc3
15. bxc3 Bf5 16. Bh4 Nd7 17. Qd2 Be6 18. Rfd1 Nb6 19. c5 Nc4 20. Bxc4 Bxc4 21.
Re1 Rfe8 22. Re3 Re6 23. Qb2 Qc7 24. Bg3 Qd7 25. Qb4 Bd3 26. Rd1 Rae8 27. Bd6
Rg6 28. Rde1 Rge6 29. c4 f5 30. d5 Rf6 31. f4 Qf7 32. Be5 Rg6 33. d6 Rd8 34. Rc1
Rd7 35. a4 Rg4 36. h3 Rg6 37. a5 a6 38. Kh2 Qe8 39. Qc3 Qd8 40. g3 Qe8 41. Rg1
Qe6 42. Rc1 1/2-1/2

[Event "Druzynowe Mistrzostwa Polski Juniorow 2019 - II Liga"]
[Site "Szczyrk"]
[Date "1899-12-30"]
[Round "1.74"]
[White "Owoc, Jakub"]
[Black "Chaczynski, Kamil"]
[Result "1/2-1/2"]
[WhiteTitle "II"]
[BlackTitle "I"]
[WhiteElo "1614"]
[BlackElo "1738"]

1. e4 e6 2. d4 d5 3. e5 c5 4. c3 Nc6 5. Nf3 Qb6 6. a3 Nh6 7. b4 cxd4 8. cxd4 Nf5
9. Nc3 Nfxd4 10. Nxd4 Qxd4 11. Qxd4 Nxd4 12. Bd3 Bd7 13. Be3 Nc6 14. Nb5 Rc8 15.
Nxa7 Nxa7 16. Bxa7 f6 17. Bd4 Be7 18. Kd2 O-O 19. f4 fxe5 20. Bxe5 Bf6 21. Rhf1
Be8 22. g4 Bg6 23. Bxg6 hxg6 24. Rae1 Kf7 25. f5 exf5 26. gxf5 Rc6 27. Bxf6 gxf6
28. fxg6+ Kxg6 29. Re7 Rh8 30. Rf2 Rh3 31. Rg2+ Kf5 32. Rf2+ 1/2-1/2

[Event "Druzynowe Mistrzostwa Polski Juniorow 2019 - II Liga"]
[Site "Szczyrk"]
[Date "1899-12-30"]
[Round "1.75"]
[White "Skrzypinski, Jan"]
[Black "Krupinski, Mikolaj"]
[Result "0-1"]
[WhiteTitle "I"]
[BlackTitle "II"]
[WhiteElo "1400"]
[BlackElo "1510"]

1. e4 c5 2. Nf3 Nc6 3. Bb5 d6 4. O-O Bd7 5. d4 cxd4 6. Bxc6 bxc6 7. Qxd4 Qb6 8.
Qxb6 axb6 9. Be3 b5 10. Nbd2 Nf6 11. Rfe1 Ng4 12. Bf4 f6 13. h3 Ne5 14. Nxe5 fxe5
15. Bg3 g6 16. c4 Bh6 17. Nf1 bxc4 18. Ne3 Be6 19. Re2 O-O 20. Rc2 Bxe3 21. fxe3
Ra6 22. Bh4 Ra7 23. Bg3 Rfa8 24. a3 Rb7 25. Be1 Ra4 26. Bc3 c5 27. Rf1 Rb8 28.
Rd2 Bc8 29. Rdf2 Bb7 30. Rf7 Re8 31. Kh2 Bxe4 32. g4 Bd3 33. R1f2 Raa8 34. Kg3
Be4 35. Rf1 Rf8 36. Rxf8+ Rxf8 37. Rxf8+ Kxf8 38. Kf2 Bc6 39. h4 Kf7 40. Ke2 Kf6
41. Be1 g5 42. h5 d5 43. Ba5 Bd7 44. Kf3 e4+ 45. Kg3 d4 46. Bd2 h6 47. Kh3 Ke5
48. Kg3 Kd5 49. Kh3 Kc6 50. exd4 cxd4 51. Bxg5 hxg5 52. h6 d3 53. h7 d2 54. h8=Q
d1=Q 55. Qa8+ Kd6 56. Qb8+ Kd5 57. Qa8+ Ke5 58. Qh8+ Kf4 59. Qb8+ Ke3 60. Qb6+
Kf3 0-1

[Event "Druzynowe Mistrzostwa Polski Juniorow 2019 - II Liga"]
[Site "Szczyrk"]
[Date "1899-12-30"]
[Round "1.76"]
[White "Wiszniewski, Szymon"]
[Black "Tadych, Olgierd"]
[Result "1-0"]
[WhiteTitle "II+"]
[BlackTitle "II"]
[WhiteElo "1473"]
[BlackElo "1287"]

1. e4 e6 2. d4 d5 3. e5 c5 4. c3 Nc6 5. Nf3 Qb6 6. a3 c4 7. Nbd2 Nge7 8. Bxc4 Nf5
9. Bd3 Be7 10. Qc2 h6 11. b4 a6 12. O-O Bd7 13. Rb1 Qc7 14. Nb3 b5 15. Nc5 Bxc5
16. bxc5 Na5 17. Bf4 Qc8 18. Nd2 Nc4 19. Nxc4 bxc4 20. Bxf5 exf5 21. Rb6 Rb8 22.
e6 Rxb6 23. exd7+ Qxd7 24. cxb6 O-O 25. Rb1 Re8 26. h4 Qe7 27. b7 1-0

[Event "Druzynowe Mistrzostwa Polski Juniorow 2019 - II Liga"]
[Site "Szczyrk"]
[Date "1899-12-30"]
[Round "1.77"]
[White "Niemier, Martyna"]
[Black "Surpeta, Julia"]
[Result "0-1"]
[WhiteTitle "II"]
[BlackTitle "I++"]
[WhiteElo "1163"]
[BlackElo "1564"]

1. d4 Nf6 2. c4 g6 3. Nc3 Bg7 4. Nf3 O-O 5. e4 d6 6. Be2 Re8 7. O-O c6 8. Be3 Nbd7
9. h3 e5 10. d5 Nc5 11. Bxc5 dxc5 12. dxc6 bxc6 13. Qxd8 Rxd8 14. Nxe5 Nxe4 15.
Nxc6 Nxc3 16. bxc3 Rd2 17. Bf3 Kf8 18. Rfd1 Rxd1+ 19. Rxd1 Be6 20. Bd5 Bxc3 21.
Bxe6 fxe6 22. Rd7 a5 23. Rxh7 Bg7 24. Rh4 Ra6 25. Nd8 Rb6 26. Rf4+ Ke8 27. Nf7
e5 28. Rf3 e4 29. Rf4 Bf6 30. Nh6 Be5 31. g3 Bxf4 32. gxf4 Rb1+ 33. Kg2 Rb2 34.
Ng4 Ke7 35. Ne3 Ke6 36. Kg3 Rxa2 37. h4 Rd2 38. f5+ gxf5 39. h5 Kf6 40. h6 Kg6
41. h7 Kxh7 42. Nxf5 Rd3+ 43. Kg2 a4 44. Kf1 a3 45. Nd4 cxd4 46. f3 a2 47. fxe4
a1=Q+ 48. Ke2 Qd1+ 49. Kf2 Rf3+ 50. Kg2 Qf1+ 51. Kh2 Rh3# 0-1